00911 2200193 4500001002100000005001500021035002000036245006500056100002100121250001700142300002800159260003100187082001200218084001800230020002200248650001700270520039700287500003300684INLIS00000000000003420240319091047 a0010-03240000341 aPiri Reis :bLaksamana yang Gagah Berani /cAan Wulandari U.0 aAan Wulandari U. acetakan ke-1 a36 hlm :bilus ;c19 cm aSolo :bTiga Ananda,c2019 a297.092 a297.092 AAN p a978-623-206-085-2 4aReligi Islam aTahukah kamu bahwa umat Islam juga punya penjelajah-penjelajah yang hebat? Salah satunya adalah Piri Reis. Piri Reis merupakan seorang laksamana di Kesultanan Ottoman. Selain ahli dalam bidang pelayaran, ia juga ahli dalam membuat peta. Bahkan, salah satu peta buatannya membuat kagum para ilmuwan modern ratusan tahun kemudian. Ingin tahu kisah lengkap laksamana hebat ini? Segera baca, yuk! aSeri Muslim Penjelajah Dunia